El hombre acosado (Record no. 107341)

MARC details
000 -LEADER
campo de control de longitud fija 00578nam a2200181 4500
001 - NÚMERO DE CONTROL
campo de control 107341
003 - IDENTIFICADOR DE NÚMERO DE CONTROL
campo de control ES-MaACL
005 - FECHA Y HORA DE LA ÚLTIMA TRANSACCIÓN
campo de control 20250805063257.0
007 - CAMPO FIJO DE DESCRIPCIÓN FÍSICA--INFORMACIÓN GENERAL
campo de control de longitud fija t|
008 - DATOS DE LONGITUD FIJA--INFORMACIÓN GENERAL
campo de control de longitud fija 061121s1952 sp r ||||1| spa d
100 1# - ENTRADA PRINCIPAL--NOMBRE DE PERSONA
Nombre de persona Morand, Paul,
Fechas asociadas al nombre 1888-1976
9 (RLIN) 83133
245 13 - MENCIÓN DEL TÍTULO
Título El hombre acosado
Resto del título : novela /
Mención de responsabilidad, etc. Paul Morand: traducción del francés de Julio Gómez de la Serna.
260 ## - PUBLICACIÓN, DISTRIBUCIÓN, ETC.
Lugar de publicación, distribución, etc. Madrid :
Nombre del editor, distribuidor, etc. Golenda,
Fecha de publicación, distribución, etc. 1952.
300 ## - DESCRIPCIÓN FÍSICA
Extensión 350 p. ;
Dimensiones 18.
700 1# - ENTRADA AGREGADA--NOMBRE PERSONAL
Nombre de persona Gómez de la Serna, Julio,
Fechas asociadas al nombre 1895-1983
9 (RLIN) 57899
852 ## - LOCALIZACIÓN
Ubicación ES-MaACL
Número de control de estantería D-8801
Sublocalización o colección R.33164
Holdings
Estatus retirado Estado de pérdida Estado de daño No para préstamo Biblioteca de origen Biblioteca actual Ubicación en estantería Fecha de adquisición Fuente de adquisición Total de préstamos Signatura topográfica completa Código de barras Visto por última vez Precio de reemplazo Tipo de ítem Koha
        Biblioteca del Ateneo de Madrid Biblioteca del Ateneo de Madrid Sala Valle Inclán 17/01/2008     D-8801 901112030 23/02/2023 23/02/2023 Libro impreso